000 00550nam a2200157 4500
001 123808
003 ES-MaACL
005 20230906192240.0
007 t|
008 070214s1921 cu r ||||1| spa d
245 0 0 _aRamillete poético
_b: colección de sonetos heroicos sagrados de insignes poetas españoles /
_cordenada con breves notas por Enrique José Varona.
260 _aLa Habana :
_b[s. n.],
_c1921 (
_fImp. Siglo XX)
300 _a232 p. ;
_c26 cm.
700 1 _aVarona, Enrique José (
_d1849-1933)
_9153535
852 _aES-MaACL
_jC-2366
999 _c123808
_d123808